ბათუმის შოთა რუსთაველის სახელმწიფო უნივერსიტეტის ბიბლიოთეკა

Descriptive geometry : (ბიბ.ჩანაწერი № 57401)

000 -LEADER
fixed length control field 00557pam a2200193 a 4500
001 - CONTROL NUMBER
control field 2105346
005 - DATE AND TIME OF LATEST TRANSACTION
control field 20220928152027.0
008 - FIXED-LENGTH DATA ELEMENTS--GENERAL INFORMATION
fixed length control field 960604s2009 njua 001 0 eng
020 ## - INTERNATIONAL STANDARD BOOK NUMBER
International Standard Book Number 9781588748508
041 ## - LANGUAGE CODE
Language code of text/sound track or separate title enk
080 ## - UNIVERSAL DECIMAL CLASSIFICATION NUMBER
Universal Decimal Classification number 514.18 S-31
100 ## - MAIN ENTRY--PERSONAL NAME
Personal name Schwendau, Mark S.
9 (RLIN) 8442
245 00 - TITLE STATEMENT
Title Descriptive geometry :
Statement of responsibility, etc. Mark S. Schwendau.
Remainder of title in pencil and Pixels /
264 ## - PRODUCTION, PUBLICATION, DISTRIBUTION, MANUFACTURE, AND COPYRIGHT NOTICE
Place of production, publication, distribution, manufacture Champasing :
Name of producer, publisher, distributor, manufacturer Stipes Publishing,
Date of production, publication, distribution, manufacture, or copyright notice 2009.
300 ## - PHYSICAL DESCRIPTION
Extent 455 p. :
Other physical details ill. ;
Dimensions 28 cm.
653 ## - INDEX TERM--UNCONTROLLED
keyword გეომეტრია
653 ## - INDEX TERM--UNCONTROLLED
keyword ხაზვა
942 ## - ADDED ENTRY ELEMENTS (KOHA)
Source of classification or shelving scheme
Koha item type წიგნი
ეგზემპლარები
Withdrawn status Lost status Source of classification or shelving scheme Damaged status Not for loan Permanent Location Current Location Shelving location Date acquired Cost, normal purchase price Full call number Barcode Date last seen Copy number Price effective from Koha item type Public note
          ბათუმის შოთა რუსთაველის სახელმწიფო უნივერსიტეტის მთავარი ბიბლიოთეკა ბათუმის შოთა რუსთაველის სახელმწიფო უნივერსიტეტის მთავარი ბიბლიოთეკა წიგნსაცავი 2020-06-17 159.00 514.18 S-31 60594 2020-06-17 60594 2020-06-17 წიგნი 159 ლ.